000 03906nab a2200289 i 4500
003 BR-BrBNA
005 20240130132806.0
008 240130b2018 bl.qr|pooa||| 00| 0 por |
040 _aBR-BrBNA
_bpor
072 _aH10
072 _aK10
100 _aMonteiro, Marcelo
100 _aCarvalho, Camila Craus
100 _aGarlet, Juliana
245 _aEscolitíneos (Curculionidae: scolytinae) associados a plantio de Eucalyptus urophylla x Eucalyptus grandis na Amazônia meridional em alta floresta, Mato Grosso
500 _aPublicação on-line; 34 ref.; 4 tables; 2 illus.; Summaries (En, Pt)
520 _a RESUMO Os escolitíneos contribuem no processo de decomposição de árvores caidas ou recém-abatidas e podem ser potencialmente prejudiciais em ambientes florestais, sejam estes naturais ou plantados. Assim, este trabalho teve por objetivo avaliar uma assembleia de Escolitíneos (Curculionidae: Scolytinae) em um plantio de Eucalyptus urophylla x Eucalyptus grandis na Amazônia Meridional, no município de Alta Floresta, no período de agosto de 2015 a agosto de 2016. Foram utilizadas 12 armadilhas de impacto iscadas com etanol, sendo realizadas coletas quinzenalmente. Os insetos coletados foram encaminhados ao Laboratório da UNEMAT, para realização da triagem, sendo enviados para a Universidade Federal do Paraná, para correta identificação das espécies amostradas. Foram coletados 1.248indivíduos, com um total de 13 espécies em seis gêneros, com maior representatividade: Cryptocarenus, Hypothenemus e Xyleborus. Na análise faunística Criptocarenus diadematus Eggers, Criptocarenus heveae (Hagedorni) e Criptocarenus seriatusEggers ocorreram como dominantes, muito abundantes, muito frequentes e constantes, com distribuição agregada, podendo ser considerados potenciais insetos-praga em florestas plantadas na região. Palavras-chave: armadilha etanólica; entomologia florestal; coleobrocas
520 _a ABSTRACT Bark beetle contributes to the decomposition process of fallen or newly felled trees and are potentially harmful in forest environments, whether natural or planted. The objective of this work was to evaluate an assembly of bark beetle (Curculionidae: Scolytinae) in a planting of Eucalyptus urophylla x Eucalyptus grandis in Southern Amazonia, in the municipality of Alta Floresta, from August 2015 to August 2016. Twelve ethanol-trapped impact traps were used, and collections were performed biweekly. The collected insects were sent to the UNEMAT Laboratory, where they were sorted and sent to the Federal University of Paraná, for the correct identification of the species sampled. A total of 1,248 individuals were collected, with a total of 13 species in six genera, most representative of Cryptocarenus, Hypothenemus and Xyleborus. In the faunistic analysis Criptocarenus diadematus Eggers, Criptocarenus heveae (Hagedorni) and Criptocarenus seriatus Eggers occurred as dominant, very abundant, very frequent and constant, with aggregate distribution, being considered as potential insect pests in forests planted in the region. Keywords: ethanolic trap; forest entomology; bark beetles
650 _aARMADILHA
650 _aENTOMOLOGIA
650 _aFLORESTA
650 _aCOLEOBROCA
773 0 _04065
_9198128
_dSanta Maria-RS Universidade Federal de Santa Maria - Centro de Pesquisas Florestais.Departamento de Ciências Florestais. Programa de Pós-Graduação em Engenharia Florestal 1991
_o2023-437009
_tCiência Florestal (Brazil)
_x0103-9954; 1980-5098 (on-line)
_gv. 28(3) p. 913-923; (Jul-Sep 2018)
_wBR2023001499
856 _uhttps://periodicos.ufsm.br/cienciaflorestal/article/view/33355/pdf
942 _cAnalítica
999 _c298380
_d298380